MCU characters by image - F - Statistics

General Stats
  • This quiz has been taken 45 times
  • The average score is 5 of 8
Answer Stats
Picture Answer % Correct
Falcon
100%
Flash Thompson
84%
Frank Castle
84%
Frigga
74%
Flint Marko
68%
Foggy Nelson
58%
Fenris
39%
Flag Smasher
37%
No matching quizzes found
Score Distribution
Percent of People with Each Score
Percentile by Number Answered
Your Score History
You have not taken this quiz